| 000 | 01469cam a2200409 a 4500 | ||
|---|---|---|---|
| 001 | 16637738 | ||
| 003 | OSt | ||
| 005 | 20260202141010.0 | ||
| 008 | 110204s2011 nyua b 001 0 eng | ||
| 010 | _a 2011004275 | ||
| 020 |
_a9781612096872 _qhardcover |
||
| 020 |
_z9781622570812 _q(eBook) |
||
| 035 | _a16637738 | ||
| 040 |
_aKABLIB _cKABLIB _dKABLIB |
||
| 042 | _apcc | ||
| 050 | 0 | 0 |
_aLB1027.3 _b.T43 2011 |
| 082 | 0 | 0 |
_a371.3 _223 _bTEA |
| 100 |
_aDonald C. Orlich _914971 |
||
| 245 | 0 | 0 | _aTeaching strategies/ |
| 260 |
_aNew York : _bNOVA, Nova Science Publishers, Inc., _cc2011. |
||
| 300 |
_axiv, 379 p. : _bill. ; _c24 cm. |
||
| 336 |
_atext _btxt _2rdacontent |
||
| 337 |
_aunmediated _bn _2rdamedia |
||
| 338 |
_avolume _bnc _2rdacarrier |
||
| 490 | 0 | _aEducation in a competitive and globalizing world | |
| 504 | _aIncludes bibliographical references and index. | ||
| 650 | 0 |
_aTeaching. _95675 |
|
| 650 | 0 |
_aEducation _xExperimental methods. _914972 |
|
| 650 | 0 |
_aThought and thinking _xStudy and teaching. _914973 |
|
| 650 | 0 |
_aLearning, Psychology of. _95133 |
|
| 700 | 1 |
_aHenderson, Jamie P. _914974 |
|
| 700 | 1 |
_aLawrence, Adam D. _914975 |
|
| 906 |
_a7 _bcbc _corignew _d1 _eecip _f20 _gy-gencatlg |
||
| 942 |
_2ddc _cBOOK |
||
| 999 |
_c5935 _d5935 |
||